| 000 | 00641 a2200205 4500 | ||
|---|---|---|---|
| 999 |
_c183135 _d183135 |
||
| 005 | 20211217131923.0 | ||
| 010 | _aENG-130391 | ||
| 020 | _c350.00 | ||
| 035 | _aEN-113923 | ||
| 037 | _bDBAD/PUB | ||
| 082 |
_a181.46 _b1 |
||
| 100 | _aVivekananda, Swami | ||
| 245 |
_aBe One with God: _bA guiding light to mankind/ _cSwami Vivekananda, Compilation By Naveena C K |
||
| 250 | _a2020 | ||
| 260 |
_aKarnataka _bNaveena C K _c2020 |
||
| 270 |
_aBasavanagudi _bBengaluru _e560004 _k080-41425962 _mnaveena.ck@karthavya.co.in |
||
| 300 |
_ax,358p. _c23cm (pbk) |
||
| 700 | _aC K, Naveena | ||
| 942 |
_adpl _cEN _2ddc _h181.46 _mVIV |
||